Piadosos ejercicios sobre la Sagrada Pasión de N.S. Jesucristo dedicadas especialmente para la semana santa.

Detalles Bibliográficos
Autor principal: IBARGÜENGIOTIA, Mariano José de
Formato: Libro
Publicado: Madrid 1852
Edición:2a. ed.
Materias:
Colección:Banco de datos
Acervo:Biblioteca del Convento de Santa Mónica de la Ciudad de Puebla. Puebla
Tema general:Ascética
Notas:Regular. I3, 29.
LEADER 00714nam a22002050004500
035 |a 51659 
036 |a 1427 
100 1 |a IBARGÜENGIOTIA, Mariano José de 
245 1 0 |a Piadosos ejercicios sobre la Sagrada Pasión de N.S. Jesucristo dedicadas especialmente para la semana santa. 
250 |a 2a. ed. 
260 |a Madrid  |b imp. Castro Palomino  |c 1852 
500 |a Regular. I3, 29. 
650 1 0 |a Ascética 
949 |a CRP-SM 
959 |a Ex convento de Santa Mónica. Puebla, Puebla  |b CCC5 
960 |a Convento de Santa Mónica de la ciudad de Puebla  |b DD88 
961 |a Franciscana  |b OF 
942 |c CRP-SM 
943 |g Biblioteca del Convento de Santa Mónica de la Ciudad de Puebla. Puebla 
999 |c 961997  |d 961997